000 00637cam a22002171a 4500
001 9342253
005 20180103042756.0
008 721031s1957 nyuac b 001 0beng
010 _a 57007290
035 _a(OCoLC)480938
040 _aDLC
_cODaWU
_dOCoLC
_dMoSU-L
_dDLC
041 _aeng
080 _a973.91
082 0 0 _a973.91 TUG
_aB
100 1 _a16
101 _aHIS
245 1 4 _aThe democratic Roosevelt :
_cRexford G. Tugwell.
504 _aIncludes bibliographical references (p. 683-686) and index.
906 _a7
_bcbc
_coclcrpl
_du
_encip
_f19
_gy-gencatlg
942 _2ddc
_cBK
999 _c39616
_d39616